Comportamiento organizacional /

Gardado en:
Detalles Bibliográficos
Autor Principal: Hellriegel, Don (autor)
Outros autores: Slocum, John W., hijo (autor) (autor), Woodman, Richard W. (autor) (autor)
Formato: Libro
Idioma:Lingua castelá
Publicado: México : Thomson, 1999, c1999
Edición:8a edición
Series:(Soluciones Empresariales)
Temas:
Etiquetas: Engadir etiqueta
Sen Etiquetas, Sexa o primeiro en etiquetar este rexistro!

MARC

LEADER 00000nam^a2200000^a^4500
001 000162462
005 20250521000000.0
009 20260310100833.14
020 |a 968-7529-64-4 
037 |a Acervo ITESO - Biblioteca 
041 |a ESP 
082 |a 658. 4063  |b HEL 
100 |a Hellriegel, Don  |e (autor) 
240 1 1 |a [Comportamiento organizacional de Don Hellriegel] 
245 1 0 |a Comportamiento organizacional /  |c D. Hellriegel, J.W. Slocum, hijo, R.W. Woodman ; tr. por Julio Coro Pando. 
250 |a 8a edición 
264 4 |a México :  |b Thomson,  |c 1999, c1999 
300 |a XXIII, 635, 23, 26 p. 
336 |a texto  |b txt  |2 rdacontenido 
337 |a sin mediación  |b n  |2 rdamedio 
338 |a volumen  |b nc  |2 rdasoporte 
440 1 |a (Soluciones Empresariales) 
500 |a Traducción de: Organizational Behavior 
649 |a XX 
650 |a Negociación y Mediación 
650 |a Liderazgo 
650 |a Trabajo en Equipo 
650 |a Toma de Decisiones 
650 |a Motivación Laboral 
650 |a Evaluación del Desempeño 
650 |a Aprendizaje 
650 |a Comunicación Personal 
650 |a Clima Organizacional 
650 |a Cambio Organizacional 
650 |a Cultura Organizacional 
650 |a Comportamiento Organizacional -  |x Tema Principal 
650 |a Recursos Humanos 
650 |a Proceso Administrativo 
650 |a Ciencias Administrativas 
700 |a Slocum, John W.,  |c hijo  |e (autor) 
700 |a Woodman, Richard W.  |e (autor) 
910 |a Fondo General 
920 |a Impresos - Libros 
930 |a Colección General 
905 |a 101 
901 |a 0500107525  |b IT1  |c ACC  |u 20250521 
902 |a https://opac.biblio.iteso.mx/vufind/Record/000162462